000 00604nam a2200229 a 4500
001 BRL_309
005 20190320210659.0
008 230713s1956----gw-abo####---#000-0#ger-#
041 _ager
044 _agw
050 4 _aF1219
_b.K75 1956
100 1 _aKrickeberg, Walter
_923510
245 1 0 _aAltmexikanische kulturem
_cWalter Krickeberg.
260 _aBerlín
_bSafari Verlag
_c1956
300 _a616 p.
_bil.
_c25 cm.
500 _aAu2351
650 1 4 _aArte
_zMéxico
_923511
651 4 _aMéxico
_xAntigüedades
_92765
651 4 _aMéxico
_xCivilización
_99184
902 _aGRL
942 _2lcc
_cB
999 _c9122
_d9122